El uso y aprovechamiento de zonas áridas: con especial referencia a los problemas del norte de Chile

Պահպանված է:
Մատենագիտական մանրամասներ
Ձևաչափ: Գիրք
Լեզու:իսպաներեն
Հրապարակվել է: Santiago Universidad Católica de Chile 1959
Խորագրեր:
Ցուցիչներ: Ավելացրեք ցուցիչ
Չկան պիտակներ, Եղեք առաջինը, ով նշում է այս գրառումը!

MARC

LEADER 00000nam a2200000 a 4500
001 UCU1959
003 CL-VaPUC
008 960419e19590000CL |||||||||||||||||spa|d
082 0 4 |a 330.9  |b ELU  |2 21 
245 1 3 |a El uso y aprovechamiento de zonas áridas: con especial referencia a los problemas del norte de Chile 
300 |a 62 p 
942 |c BK 
945 |d 19960419 00:00:00  |a cmena 
260 |a Santiago  |b Universidad Católica de Chile  |c 1959 
650 0 |a Geografía económica   |9 267757 
650 0 |a Recursos naturales  |9 255232 
650 7 |a ENERGIA SOLAR  |2 CL-VaPUC  |9 357760 
650 0 |a Agricultura  |9 255598 
650 0 |a Minería  |9 326008 
650 0 |a Pesca  |9 258707 
650 7 |a SECTOR AGRICOLA  |2 CL-VaPUC  |9 357761 
651 7 |a CHILE  |2 CL-VaPUC  |9 357762 
651 0 |a Zona norte  |9 319954 
583 |a last modification  |c 20180125 11:09:01  |k Rodrigo Vera 
999 |c 246378  |d 246376 
952 |0 0  |1 0  |4 0  |6 330_900000000000000_ELU_1959  |7 0  |8 A  |9 261312  |a BIBING  |b BIBING  |d 2019-11-19  |i 1641700  |o 330.9 ELU 1959  |p 1641700  |r 2025-01-20  |w 2019-11-19  |y BK  |k ING